000 00296nam a22001217a 4500
008 180309b xxu||||| |||| 00| 0 eng d
041 _aeng
080 _a94
100 _a16
101 _aHIS
245 _aCloak and dollar a history of american secret intelligence
_cJones,R.J
942 _2udc
_cBK
999 _c44609
_d44609